000 01619nam a2200445 i 4500
001 14580
003 KOSZ 005
005 20191026113959.0
008 071020s1972 pl a f |000 0 pol
015 _aPB 1972/8358
035 _a(OCoLC)749164868
040 _aWA N
_cWA N
_dKOSZ 005/EG
_dKOSZ 005/KK
041 1 _apol
_heng
046 _k1972
080 _a534.83
100 1 _aBishop, Richard Evelyn Donohue.
_eAutor
245 1 0 _aMacierzowa analiza drgań /
_cR. E. D. Bishop, G. M. L. Gladwell, S. Michaelson ; tłumaczenie Bogdan Raniecki.
246 1 _iTytuł oryginału:
_aMatrix analysis of vibration
260 _aWarszawa :
_bWydawnictwa Naukowo-Techniczne,
_c1972.
300 _a458, [1] strona :
_bilustracje ;
_c23 cm.
336 _2rdacontent
_aTekst
_btxt
337 _2rdamedia
_aBez urządzenia pośredniczącego
_bn
338 _2rdacarrier
_aWolumin
_bnc
380 _aKsiążki.
388 _a1901-2000
500 _aTytuł oryginału: The matrix analysis of vibration, 1965.
650 4 _aDrgania
650 4 _aMacierze
650 4 _aAnaliza numeryczna
650 4 _aRównania różniczkowe
658 _aInżynieria i technika
658 _aMatematyka
658 _aFizyka i astronomia
700 1 _aGladwell, G. M. L.
_eAutor
700 1 _aMichaelson, S.
_eAutor
700 1 _aRaniecki, Bogdan
_d(1938-2014).
_eTłumaczenie
710 2 _aWydawnictwa Naukowo-Techniczne
_4pbl.
856 _uhttp://koha.tu.koszalin.pl/cgi-bin/koha/opac-detail.pl?biblionumber=14580
_yKatalog online BPK
942 _2UKD
_cKS
999 _c14580
_d14580